| 000 | 01071cad a22002055a 4500 | ||
|---|---|---|---|
| 001 | E151040 | ||
| 008 | 100927s2010 xxk f s000 0 eng d | ||
| 020 | _a9780755996254 | ||
| 035 | _a(Sirsi) u151040 | ||
| 041 | 0 | _aeng | |
| 110 | 2 |
_aScotland _bScottish Government _95344 |
|
| 245 | 0 | 0 |
_aGetting the best from our land _ba draft land use strategy for Scotland, consultation for discussion and feedback 2010 _h[electronic resource] |
| 260 |
_aEdinburgh _bScottish Government _c2010 |
||
| 520 | _aSeeks views on a proposed land use strategy which is aimed at guiding, supporting and informing all those involved in deciding how land is to be used. It will set out a vision and long-term objectives for an integrated approach to sustainable land use in Scotland. Deadline for comments is 17 December 2010. | ||
| 590 | _aKA | ||
| 651 | 4 |
_aScotland _y1999- |
|
| 690 | _aENVIRONMENTAL AND LAND CONSULTANCY-LAND MANAGEMENT | ||
| 856 | 4 | 0 |
_uhttps://www.scotland.gov.uk/Publications/2010/09/23100015/0 _zView the consultation free of charge at www.scotland.gov.uk |
| 942 | _n0 | ||
| 999 |
_c111107 _d111107 |
||